Statistics for Lakers All-Time Leading Scorer By Decade

Click here to take the quiz!

General Stats

  • This quiz has been taken 31 times
  • The average score is 6 of 9

Answer Stats

DecadePointsPlayer% Correct
2000s21,065Kobe Bryant
100%
2010s9,823Kobe Bryant
100%
2020s6,109LeBron James
100%
1980s16,246Kareem Abdul-Jabbar
97%
1960s19,983Elgin Baylor
83%
1940s1,698George Mikan
73%
1970s10,486Gail Goodrich
40%
1950s10,063Vern Mikkelsen
23%
1990s6,497Vlade Divac
23%

Score Distribution

Percentile by Number Answered

Percent of People with Each Score

Your Score History

You have not taken this quiz